Statistiques concernant Les stations du Métro de Lausanne sur une carte

Cliquez ici pour prendre le quiz!

Statistiques générales

  • Ce quiz a été pris 421 fois
  • Le résultat moyen est 18 sur 28

Réponses sur la Carte

Les réponses sont colorées sur une échelle allant du rouge au vert en fonction du pourcentage des utilisateurs qui les ont devinées à leur premier essai. Vous pouvez retrouver ces pourcentages ci-dessous.
 

Statistiques - réponses

Station% Correct
Ouchy-Olympique
94%
Lausanne-Flon
93%
Lausanne-Gare
93%
Renens-Gare
85%
Riponne-M.Béjart
85%
EPFL
80%
CHUV
77%
Ours
75%
Croisettes
71%
Malley
70%
Fourmi
66%
Bessières
65%
UNIL-Sorge
64%
Bourdonnette
63%
Sallaz
62%
UNIL-Chamberonne
58%
UNIL-Mouline
58%
Vigie
58%
Délices
57%
Grancy
56%
Provence
54%
Vennes
52%
Jordils
50%
Montelly
46%
Cerisaie
42%
Epenex
41%
Bassenges
38%
Crochy
38%

Distribution des résultats

Percentile par nombre de réponses

% des personnes avec chaque résultat

Votre développement - résultats

Vous n’avez pas pris ce quiz